Normal view
MARC view
Entry Topical Term
001 - CONTROL NUMBER
- control field: 5963
003 - CONTROL NUMBER IDENTIFIER
- control field: HDC
005 - DATE AND TIME OF LATEST TRANSACTION
- control field: 20230624073223.0
008 - FIXED-LENGTH DATA ELEMENTS
- fixed length control field: 210121|| aca||aabn | a|a d
040 ## - CATALOGING SOURCE
- Original cataloging agency: HDC
- Transcribing agency: HDC
150 ## - HEADING--TOPICAL TERM
- Topical term or geographic name entry element: Malaysian heritage food
670 ## - SOURCE DATA FOUND
- Source citation: Work cat.: (HDC): Proceedings of SOCIOINT14- International Conference on Social Sciences and Humanities, Istanbul,Turkey, 8-10 September 2014 5962, Perceived Importance On Malaysian Halal And Authentic Heritage Food (Hahfo) : International Muslim Tourists’ Purchase Intention Behaviour / by , 2014
